000 00697cpcaa2200217 4500
001 mm 79004635
003 DLC
005 20260227111647.0
008 790423|||||||||||| eng
010 _amm 79004635
040 _aDLC
_edacs
_cDLC
_dDLC
072 7 _aN
_2lcmd
100 1 _aDonaldson, James,
_dactive 1837.
245 0 0 _aJames Donaldson grant,
_f1837.
300 _a1
_fitem.
506 0 _aOpen to research.
546 _aCollection material in English.
580 _aForms part of: Miscellaneous Manuscripts collection.
999 _c41587
_d41587